A survey of the cities of London and Westminster, and the borough of Southwark (Record no. 114380)

MARC details
000 -LEADER
fixed length control field 01175cam a22002175a 4500
001 - CONTROL NUMBER
control field L156712
008 - FIXED-LENGTH DATA ELEMENTS--GENERAL INFORMATION
fixed length control field 120627s1754 xxk f 000 0 eng d
035 ## - SYSTEM CONTROL NUMBER
System control number (Sirsi) u156712
041 0# - LANGUAGE CODE
Language code of text/sound track or separate title eng
100 1# - MAIN ENTRY--PERSONAL NAME
Personal name Stow, John
Dates associated with a name 1525?-1605
245 02 - TITLE STATEMENT
Title A survey of the cities of London and Westminster, and the borough of Southwark
Remainder of title Containing the original, antiquity, increase, present state and government of those cities. Written at first in the year 1598
Statement of responsibility, etc. Corrected, improved, and very much enlarged, in the year 1720, by John Strype...The survey and history brought down to the present time... The life of the author, written by Mr. Strype is prefixed...added, an appendix of certain tracts, discourses, and remarks on the state of the city of London
250 ## - EDITION STATEMENT
Edition statement 6th ed.
260 ## - PUBLICATION, DISTRIBUTION, ETC.
Place of publication, distribution, etc. London
Name of publisher, distributor, etc. Printed for W. Innys and J. Richardson [etc.]
Date of publication, distribution, etc. 1754-55
300 ## - PHYSICAL DESCRIPTION
Extent 2 v.
Other physical details 132 plates (part fold.) incl. maps, plans.
Dimensions 43 cm.
520 ## - SUMMARY, ETC.
Summary, etc. Engr. plates (some folding) incl. plans and maps, and cuts.
583 0# - ACTION NOTE
Action Condition reviewed
Time/date of action 20120620
Status condition level 1 and 1
651 #4 - SUBJECT ADDED ENTRY--GEOGRAPHIC NAME
Geographic name London
690 ## - LOCAL SUBJECT ADDED ENTRY--TOPICAL TERM (OCLC, RLIN)
Topical term or geographic name as entry element Geomatics
9 (RLIN) 6242
700 1# - ADDED ENTRY--PERSONAL NAME
Personal name Strype, John, 1643-1737
942 ## - ADDED ENTRY ELEMENTS (KOHA)
Suppress in OPAC 0
Holdings
Withdrawn status Lost status Source of classification or shelving scheme Damaged status Not for loan Home library Current library Shelving location Date acquired Total Checkouts Full call number Barcode Date last seen Copy number Price effective from Koha item type
    Dewey Decimal Classification     Historic collection Historic collection Historic collection 27/06/2012   FOLIO 1754 STOW VOL. 1 30078143 06/08/2019 1 06/08/2019 Book
    Dewey Decimal Classification     Historic collection Historic collection Books 21/02/2013   FOLIO 1754 STOW VOL. 2 30078124 06/08/2019 1 06/08/2019 Book